The pied piper of hamelin / (Record no. 116691)
[ view plain ]
| 000 -LEADER | |
|---|---|
| fixed length control field | 00467nam a2200157Ia 4500 |
| 008 - FIXED-LENGTH DATA ELEMENTS--GENERAL INFORMATION | |
| fixed length control field | 140512s9999 xx 000 0 und d |
| 020 ## - INTERNATIONAL STANDARD BOOK NUMBER | |
| International Standard Book Number | 0721405282 |
| 050 ## - LIBRARY OF CONGRESS CALL NUMBER | |
| Classification number | PZ 7 |
| Item number | .P613 [ca.1990] |
| 245 #4 - TITLE STATEMENT | |
| Title | The pied piper of hamelin / |
| 260 ## - PUBLICATION, DISTRIBUTION, ETC. (IMPRINT) | |
| Place of publication, distribution, etc | U.S.A : |
| Name of publisher, distributor, etc | Larybird Book Inc., |
| Date of publication, distribution, etc | c19--. |
| 300 ## - PHYSICAL DESCRIPTION | |
| Extent | 51 p. : |
| Other physical details | col. Ill. ; |
| Dimensions | 15 cm. |
| 440 ## - SERIES STATEMENT/ADDED ENTRY--TITLE | |
| Title | Read it yourself |
| 650 ## - SUBJECT ADDED ENTRY--TOPICAL TERM | |
| Topical term or geographic name as entry element | Pied Piper of Hamelin (Legendary Character |
| General subdivision | Juvinile poetry |
| 942 ## - ADDED ENTRY ELEMENTS (KOHA) | |
| Koha item type | Books |
| Withdrawn status | Lost status | Damaged status | Home library | Current library | Shelving location | Date acquired | Cost, normal purchase price | Total Checkouts | Full call number | Barcode | Date last seen | Date checked out | Price effective from | Koha item type |
|---|---|---|---|---|---|---|---|---|---|---|---|---|---|---|
| Luxembourg Library | Luxembourg Library | Grade School Section | 05/13/2014 | 0.00 | 1 | PZ 7 .P613 [ca.1990] | 19745 | 05/08/2024 | 05/08/2024 | 05/13/2014 | Books |